| 000 | 00819nam a22001697a 4500 | ||
|---|---|---|---|
| 999 |
_c9384 _d9384 |
||
| 003 | AR-CdUCM | ||
| 008 | 190327b ||||| |||| 00| 0 spa d | ||
| 040 |
_aMUNICIPALIDAD PROVINCIAL DEL CUSCO _cBIBLIOTECA MUNICIPAL DEL CUSCO |
||
| 082 |
_a800 / _bG91 |
||
| 110 |
_aPRODES _925549 |
||
| 245 |
_aGuia especifica para lideres (as) sociales ¿ como participamos en el proceso de rendición de cuentas? : _bModulo de rendición de cuentas / |
||
| 260 |
_aLima : _bDuartes, _c2005. |
||
| 300 |
_a41 paginas _bIlustraciones, _c30 cm. |
||
| 505 | _aContenido : ¿por que es importante el proceso de rendición de cuentas? -- ¿sobre que solicitamos la rendición de cuentas? -- ¿que roles cumplimos las y los lideres y organizaciones sociales en el proceso d rendición de cuentas?... | ||
| 942 |
_2ddc _cLIBROS |
||
| 945 | _awnts | ||